00513nam a22001577a 4500020002200000041000800022082001700030100002800047245008800075260004100163300000800204650001700212942000700229952010200236999001700338 a978-81-7261-284-9 aENG a299.93 bOSH aOsho (Bhagwan Rajneesh) aZarathustra: The Laughing Prophet: On Friedrich Nietzsche's Thus Spake Azarathustra aPunebOsho Media Internationalc2013 a346 aSpirituality cBK 00104070aHMIbHMIcGENd2017-10-26g300.00l0o299.93 OSHp11-3570r2017-10-26w2026-01-16yBK c20686d20686